000 01352cam a2200301 4500
001 ##L133719
008 060605n2006 000 0 eng u
020 _a1905370032
035 _a(Sirsi) u133719
050 0 4 _a346.4104342 $2 18
100 1 _aBill, Peter
245 0 0 _aMore homes for rent
_bstimulating supply to match growing demand
260 _aLondon
_bSmith Institute
_c2006
520 _aOffers a collection of eight essays by leading property experts and others on the role that a revived private rented sector could contribute to the supply of new homes in UK: calculating the growing demand, surveying the political options, reforming the sector's image, attracting institutional capital, altering the planning regime, removing rules and regulations, meeting the landlord's needs and accounting for tenants' views.
590 _aIKA060606
651 4 _aUnited Kingdom
_y
690 _aPROPERTY-RESIDENTIAL PROPERTY-RESIDENTIAL PROPERTY MARKET
700 1 _aDonnell, Richard
700 1 _aLove, Andy
700 1 _aSampson, Adam
700 1 _aHill, William
700 1 _aCollett, Alan
700 1 _aMoross, Trevor
700 1 _aDickinson, Rupert
700 1 _aPeacock, Jacky
856 4 0 _uhttps://www.smith-institute.org.uk/publications.htm
_zView the essays free of charge at www.smith-institute.org...
942 _n0
999 _c105459
_d105459